Spoločnosť s ručením obmedzeným
Uložené v:
| Hlavný autor: | |
|---|---|
| Médium: | Kniha |
| Jazyk: | Slovak |
| Vydavateľské údaje: |
Bratislava
IURA EDITION
1996
|
| Vydanie: | 2. preprac. vyd. |
| Edícia: | Praktické príručky
|
| Predmet: | |
| Tagy: |
Žiadne tagy, Buďte prvý, kto otaguje tento záznam!
|
MARC
| LEADER | 00000nam a2200000 4500 | ||
|---|---|---|---|
| 001 | c016702 | ||
| 005 | 20230117134345.1 | ||
| 020 | |a 80-88715-24-5 | ||
| 041 | 0 | |a slo | |
| 044 | |a SK | ||
| 245 | 1 | 0 | |a Spoločnosť s ručením obmedzeným |c Dalibor Hanes |
| 250 | |a 2. preprac. vyd. | ||
| 264 | 1 | |a Bratislava |b IURA EDITION |c 1996 | |
| 300 | |a 261 s. | ||
| 490 | 1 | |a Praktické príručky | |
| 830 | 0 | |a Praktické príručky | |
| 610 | 2 | 0 | |a spoločnosti s r.o. |
| 610 | 2 | 0 | |a príručky |
| 610 | 2 | 0 | |a predpisy právne |
| 610 | 2 | 0 | |a právo hospodárske |
| 610 | 2 | 0 | |a príručky |
| 100 | 1 | |a Hanes, Dalibor | |